Statistics for Countries of the World without the Letter "A" on a map

Click here to take the quiz!

General Stats

  • This quiz has been taken 2,927 times
    (2,921 since last reset)
  • The average score is 26 of 30

Answers on the Map

Answers color-coded by a green-red scale on the quiz's map according to % correct below.
 

Answer Stats

Country% Correct
Chile
98%
Mexico
98%
Sweden
98%
Egypt
97%
Peru
97%
United Kingdom
97%
Morocco
95%
Turkey
95%
Belgium
94%
Greece
94%
Philippines
91%
Niger
88%
Togo
88%
Fiji
87%
Kosovo
87%
Lesotho
87%
Benin
86%
Yemen
85%
Seychelles
83%
Comoros
82%
Cyprus
81%
Czech Republic
80%
Montenegro
80%
Djibouti
79%
Luxembourg
78%
Burundi
77%
Republic of the Congo
76%
Belize
75%
Liechtenstein
66%
Brunei
64%

Score Distribution

Percentile by Number Answered

Percent of People with Each Score

Your Score History

You have not taken this quiz since the last reset